000 00378nam a2200145Ia 4500
008 230917s9999||||xx |||||||||||||| ||und||
040 _e145840
_aMAIN
041 _aEnglish
082 _a320.947085 B849I
100 _aBrzinski, Zbigniew K
245 0 _aIdeology and power in Soviet politics
260 _anew York
_bGreenweed Press
_c1976
300 _a180p p.
942 _cBK
999 _c216054
_d216054